| 000 | 00686cam a22002171a 4500 | ||
|---|---|---|---|
| 999 |
_c328427 _d328427 |
||
| 001 | 8285891 | ||
| 003 | Nust | ||
| 005 | 20170407095739.0 | ||
| 008 | 910819s1927 enka 000 1 eng | ||
| 010 | _a 32019517 | ||
| 020 | _a9788129112170 | ||
| 035 | _a(OCoLC)25440772 | ||
| 040 |
_aDLC _cCaSRU _dIU _dDLC |
||
| 042 | _apremarc | ||
| 050 | 0 | 0 |
_aPZ3.W465 _bMe2 _aPR5774 |
| 082 |
_a823 _bWEL |
||
| 100 | 1 |
_aWells, H. G. _q(Herbert George), _d1866-1946. |
|
| 245 | 1 | 0 |
_aMeanwhile : _bthe picture of a lady / _cH.G. Wells. |
| 260 |
_aLondon : _bE. Benn, _c1927. |
||
| 300 |
_a327 p. : _bill. ; _c19 cm. |
||
| 906 |
_a7 _bcbc _coclcrpl _du _encip _f19 _gy-gencatlg |
||
| 942 |
_2ddc _cBK |
||